[Event "NB I. Charousek csoport"]
[Site "Gyor"]
[Date "2024.04.21"]
[Round "10.8"]
[White "Kiss, Balazs"]
[Black "Szelenyi, Norbert"]
[Result "1/2-1/2"]
[WhiteElo "1996"]
[BlackElo "2251"]
[PlyCount "113"]
[EventDate "2023.10.08"]
[EventType "team-tourn"]
[EventRounds "11"]
[EventCountry "HUN"]
[Source "chess.hu"]
[WhiteTeam "Gyori Elektromos"]
[BlackTeam "Sentimento Ajka BSK"]
[WhiteTeamCountry "HUN"]
[BlackTeamCountry "HUN"]

1. c4 e6 2. Nc3 d5 3. d4 Bb4 4. a3 Bxc3+ 5. bxc3 c6 6. e3 Nf6 7. Bd3 O-O 8. Ne2
b6 9. O-O Ba6 10. cxd5 Bxd3 11. Qxd3 cxd5 12. c4 Nc6 13. Bd2 e5 14. cxd5 Qxd5
15. Nc3 Qd7 16. d5 e4 17. Nxe4 Nxd5 18. Rfd1 Rfd8 19. Ng5 Nf6 20. Qb3 Qd5 21.
Qxd5 Rxd5 22. Nf3 Rad8 23. Rdc1 Na5 24. Bxa5 Rxa5 25. Nd4 Ra4 26. Rc7 h5 27.
Nc6 Rxa3 28. Rxa7 Rxa7 29. Nxa7 Ra8 30. Ra3 Kf8 31. Kf1 Ne4 32. Ke2 g6 33. f3
Nd6 34. Kd3 Ke7 35. e4 Kd7 36. h4 Ke6 37. f4 f6 38. Nb5 Rxa3+ 39. Nxa3 Kd7 40.
Nc2 Ke6 41. Nd4+ Kd7 42. e5 fxe5 43. fxe5 Nf5 44. Nf3 Kc6 45. Ke4 b5 46. Kf4 b4
47. Kg5 b3 48. Nd2 b2 49. Kxg6 Nxh4+ 50. Kf7 Kd5 51. e6 Nf5 52. e7 Nd6+ 53. Kg6
Ke6 54. Kxh5 Kxe7 55. Kg4 Ne4 56. Nb1 Ke6 57. Kf3 1/2-1/2

[Event "NB I. Charousek csoport"]
[Site "Gyor"]
[Date "2024.04.21"]
[Round "10.9"]
[White "Szalay-Ocsak, Bank"]
[Black "Papai, Mate"]
[Result "1-0"]
[WhiteElo "2210"]
[BlackElo "1966"]
[PlyCount "97"]
[EventDate "2023.10.08"]
[EventType "team-tourn"]
[EventRounds "11"]
[EventCountry "HUN"]
[Source "chess.hu"]
[WhiteTeam "Sentimento Ajka BSK"]
[BlackTeam "Gyori Elektromos"]
[WhiteTeamCountry "HUN"]
[BlackTeamCountry "HUN"]

1. e4 c5 2. Nf3 e6 3. d4 cxd4 4. Nxd4 Nc6 5. Nc3 Qc7 6. Be2 a6 7. Be3 Nf6 8.
O-O Bb4 9. Nxc6 bxc6 10. f4 O-O 11. Bd3 d6 12. Qf3 Nd7 13. e5 d5 14. Ne4 Be7
15. Ng3 Bb7 16. c4 d4 17. Qh5 g6 18. Qh6 Rfd8 19. Bd2 c5 20. Ne4 Bxe4 21. Bxe4
Rab8 22. b3 a5 23. h4 Nf8 24. h5 a4 25. Rf3 axb3 26. axb3 f5 27. exf6 Bxf6 28.
hxg6 hxg6 29. Ba5 Qa7 30. Bxd8 Qxa1+ 31. Rf1 Bg7 32. Rxa1 Bxh6 33. Be7 Bxf4 34.
Bxc5 Be3+ 35. Kh2 Rxb3 36. Ra8 Bf4+ 37. Kg1 Be3+ 38. Kf1 Bh6 39. Bxd4 Rb4 40.
Bd3 Rb7 41. c5 Bf4 42. c6 Rc7 43. Bc5 Rf7 44. Bxg6 Rf6 45. Be7 Bb8+ 46. Bxf6 e5
47. Rxb8 e4 48. Rxf8+ Kxf8 49. c7 1-0

[Event "NB I. Charousek csoport"]
[Site "Gyor"]
[Date "2024.04.21"]
[Round "10.10"]
[White "Steiner, Botond"]
[Black "Csaba, Arpad Dr"]
[Result "1-0"]
[WhiteElo "1912"]
[BlackElo "1995"]
[PlyCount "129"]
[EventDate "2023.10.08"]
[EventType "team-tourn"]
[EventRounds "11"]
[EventCountry "HUN"]
[Source "chess.hu"]
[WhiteTeam "Gyori Elektromos"]
[BlackTeam "Sentimento Ajka BSK"]
[WhiteTeamCountry "HUN"]
[BlackTeamCountry "HUN"]

1. e4 e6 2. d4 d5 3. e5 c5 4. c3 Qb6 5. Nf3 Bd7 6. Be2 cxd4 7. cxd4 Bb5 8. O-O
Bxe2 9. Qxe2 Qa6 10. Qxa6 Nxa6 11. Bd2 Rc8 12. Bc3 h6 13. a3 Nb8 14. Nbd2 Nd7
15. Rac1 Ne7 16. Bb4 Nc6 17. Bxf8 Rxf8 18. Rc3 Nb6 19. Rfc1 Kd7 20. b4 Na4 21.
R3c2 Ne7 22. Nb3 Rxc2 23. Rxc2 b6 24. Kf1 Rc8 25. Rxc8 Kxc8 26. Ke2 Nb2 27. Na1
Kc7 28. b5 f6 29. Nc2 Ng6 30. g3 Nc4 31. exf6 gxf6 32. Nd2 Nxd2 33. Kxd2 e5 34.
Ne3 Ne7 35. Ng4 exd4 36. Nxh6 Kd6 37. h4 Kc5 38. Nf7 Ng6 39. h5 Nf8 40. g4 Kxb5
41. f4 Kc6 42. g5 fxg5 43. fxg5 Kd7 44. g6 Ke7 45. Nd6 Nxg6 46. hxg6 Kf6 47.
Kd3 Kxg6 48. Kxd4 Kf6 49. Kxd5 Ke7 50. Nc8+ Kd7 51. Nxa7 Kc7 52. Nb5+ Kb7 53.
a4 Ka6 54. Kc6 Ka5 55. Nc3 Ka6 56. Nd5 Ka7 57. Nxb6 Ka6 58. Nc4 Ka7 59. Kb5 Kb7
60. a5 Ka7 61. Nd6 Ka8 62. Kb6 Kb8 63. a6 Ka8 64. Nb5 Kb8 65. a7+ 1-0

[Event "NB I. Charousek csoport"]
[Site "Gyor"]
[Date "2024.04.21"]
[Round "10.11"]
[White "Pasti, Anna"]
[Black "Farkas, Szabolcs"]
[Result "1-0"]
[WhiteElo "1974"]
[BlackElo "1918"]
[PlyCount "101"]
[EventDate "2023.10.08"]
[EventType "team-tourn"]
[EventRounds "11"]
[EventCountry "HUN"]
[Source "chess.hu"]
[WhiteTeam "Sentimento Ajka BSK"]
[BlackTeam "Gyori Elektromos"]
[WhiteTeamCountry "HUN"]
[BlackTeamCountry "HUN"]

1. c4 Nf6 2. g3 g6 3. Bg2 d5 4. cxd5 Nxd5 5. Nc3 Nxc3 6. bxc3 Bg7 7. Qb3 c6 8.
d4 O-O 9. Nf3 Nd7 10. Bf4 Nb6 11. O-O Be6 12. Qc2 c5 13. dxc5 Nd5 14. Be5 Bxe5
15. Nxe5 Qa5 16. Rfc1 Qxc5 17. Nd3 Qc7 18. c4 Nf6 19. Rab1 Rab8 20. Qa4 b6 21.
Nb4 Bd7 22. Qb3 Rbc8 23. h3 Bf5 24. Nd3 Ne4 25. Rb2 Nc5 26. Nxc5 Qxc5 27. g4
Be6 28. Rbc2 Rfd8 29. e3 Rc7 30. Bd5 Bc8 31. a3 e6 32. Bf3 Bb7 33. Bxb7 Rxb7
34. Qb4 Rc7 35. Qxc5 Rxc5 36. Kf1 Kf8 37. Ke2 Ke7 38. Rd2 Rdc8 39. Rdc2 Kf6 40.
h4 h5 41. g5+ Kf5 42. f3 b5 43. Kd3 Rxc4 44. Rxc4 Rxc4 45. Rxc4 bxc4+ 46. Kxc4
f6 47. e4+ Ke5 48. f4+ Kd6 49. gxf6 e5 50. fxe5+ Ke6 51. Kd4 1-0

[Event "NB I. Charousek csoport"]
[Site "Gyor"]
[Date "2024.04.21"]
[Round "10.12"]
[White "Ferenczy, Nora"]
[Black "Mihalyfi, Gabor"]
[Result "1-0"]
[WhiteElo "1721"]
[BlackElo "1915"]
[PlyCount "111"]
[EventDate "2023.10.08"]
[EventType "team-tourn"]
[EventRounds "11"]
[EventCountry "HUN"]
[Source "chess.hu"]
[WhiteTeam "Gyori Elektromos"]
[BlackTeam "Sentimento Ajka BSK"]
[WhiteTeamCountry "HUN"]
[BlackTeamCountry "HUN"]

1. d4 c5 2. d5 Nf6 3. c4 b5 4. cxb5 a6 5. bxa6 Bxa6 6. Nc3 d6 7. e4 Bxf1 8.
Kxf1 g6 9. g3 Bg7 10. Kg2 O-O 11. Nf3 Nbd7 12. Re1 Ng4 13. Nd2 Nge5 14. Qe2 Nb6
15. b3 c4 16. Bb2 Nd3 17. Nxc4 Nxe1+ 18. Qxe1 Nxc4 19. bxc4 Qb8 20. Qe2 Qb4 21.
Nd1 Bxb2 22. Nxb2 Rfb8 23. Nd1 Ra4 24. Rc1 Rc8 25. Ne3 Rca8 26. Rc2 Qa5 27. Qg4
Rxa2 28. Rxa2 Qxa2 29. Qd7 Qa7 30. Qxa7 Rxa7 31. h4 Ra6 32. Kf1 h5 33. Ke2 Ra2+
34. Ke1 Kg7 35. f4 f6 36. Kd1 Kf7 37. Nc2 Rb2 38. Kd2 Rb1 39. Nd4 Rg1 40. Ne2
Ra1 41. Nd4 Ra3 42. Ne2 g5 43. hxg5 fxg5 44. fxg5 Kg6 45. Nd4 Rxg3 46. Nf5 Kf7
47. Nxg3 h4 48. Nf5 h3 49. Ke2 h2 50. Ng3 Kg6 51. Kf2 Kxg5 52. Kg2 h1=Q+ 53.
Nxh1 Kf4 54. Nf2 Ke3 55. Kg3 Kd4 56. Kf4 1-0

[Event "NB I. Charousek csoport"]
[Site "Zalaegerszeg"]
[Date "2024.04.21"]
[Round "10.1"]
[White "Fancsy, Imre"]
[Black "Horvath, Adam"]
[Result "1/2-1/2"]
[WhiteElo "2354"]
[BlackElo "2442"]
[PlyCount "29"]
[EventDate "2023.10.08"]
[EventType "team-tourn"]
[EventRounds "11"]
[EventCountry "HUN"]
[Source "chess.hu"]
[WhiteTeam "Balatonfuredi SC"]
[BlackTeam "Z.Csuti-Hydrocomp SK"]
[WhiteTeamCountry "HUN"]
[BlackTeamCountry "HUN"]

1. d4 Nf6 2. c4 e6 3. g3 Bb4+ 4. Bd2 Bxd2+ 5. Qxd2 d5 6. Nf3 c6 7. Qc2 O-O 8.
Bg2 b6 9. O-O Bb7 10. Rd1 Nbd7 11. Nc3 Qe7 12. b3 Rac8 13. Qb2 a5 14. Nd2 Ba6
15. e4 1/2-1/2

[Event "NB I. Charousek csoport"]
[Site "Zalaegerszeg"]
[Date "2024.04.21"]
[Round "10.2"]
[White "Meszaros, Tamas"]
[Black "Pataki, Gyozo"]
[Result "1/2-1/2"]
[WhiteElo "2375"]
[BlackElo "2303"]
[PlyCount "25"]
[EventDate "2023.10.08"]
[EventType "team-tourn"]
[EventRounds "11"]
[EventCountry "HUN"]
[Source "chess.hu"]
[WhiteTeam "Z.Csuti-Hydrocomp SK"]
[BlackTeam "Balatonfuredi SC"]
[WhiteTeamCountry "HUN"]
[BlackTeamCountry "HUN"]

1. e4 e5 2. Nf3 Nc6 3. Bb5 a6 4. Bc4 Nf6 5. O-O b5 6. Bb3 Be7 7. Re1 d6 8. c3
O-O 9. h3 Re8 10. Ng5 Rf8 11. Nf3 Re8 12. Ng5 Rf8 13. Nf3 1/2-1/2

[Event "NB I. Charousek csoport"]
[Site "Zalaegerszeg"]
[Date "2024.04.21"]
[Round "10.3"]
[White "Zentai, Peter"]
[Black "Horvath, Tamas"]
[Result "1/2-1/2"]
[WhiteElo "2250"]
[BlackElo "2292"]
[PlyCount "30"]
[EventDate "2023.10.08"]
[EventType "team-tourn"]
[EventRounds "11"]
[EventCountry "HUN"]
[Source "chess.hu"]
[WhiteTeam "Balatonfuredi SC"]
[BlackTeam "Z.Csuti-Hydrocomp SK"]
[WhiteTeamCountry "HUN"]
[BlackTeamCountry "HUN"]

1. d4 Nf6 2. Nf3 e6 3. e3 b6 4. Bd3 Bb7 5. O-O c5 6. Nbd2 cxd4 7. exd4 Be7 8.
c3 O-O 9. Qe2 d6 10. Ne4 Nxe4 11. Bxe4 Bxe4 12. Qxe4 Nd7 13. Bf4 Nf6 14. Qe2
Qd7 15. a4 a6 1/2-1/2

[Event "NB I. Charousek csoport"]
[Site "Zalaegerszeg"]
[Date "2024.04.21"]
[Round "10.4"]
[White "Nagy, Kristof"]
[Black "Lyell, Mark"]
[Result "1/2-1/2"]
[WhiteElo "2210"]
[BlackElo "2179"]
[PlyCount "88"]
[EventDate "2023.10.08"]
[EventType "team-tourn"]
[EventRounds "11"]
[EventCountry "HUN"]
[Source "chess.hu"]
[WhiteTeam "Z.Csuti-Hydrocomp SK"]
[BlackTeam "Balatonfuredi SC"]
[WhiteTeamCountry "HUN"]
[BlackTeamCountry "HUN"]

1. e4 e5 2. Nf3 Nc6 3. d3 f5 4. Be2 fxe4 5. dxe4 Nf6 6. Bg5 Bb4+ 7. c3 Bc5 8.
O-O d6 9. b4 Bb6 10. Nbd2 O-O 11. Nc4 h6 12. Nxb6 axb6 13. Bh4 Be6 14. Qc2 Qe8
15. Bg3 Qf7 16. a3 Nh5 17. Nd2 Ne7 18. a4 Kh8 19. a5 bxa5 20. bxa5 Nc6 21. a6
bxa6 22. Rxa6 Rxa6 23. Bxa6 Nb8 24. Bb5 Nd7 25. Bxd7 Bxd7 26. Qb3 Qxb3 27. Nxb3
Ra8 28. Rc1 Ra2 29. f3 Ba4 30. Na5 Bb5 31. c4 Bd7 32. Nb7 Rb2 33. Na5 Nxg3 34.
hxg3 c5 35. Rd1 Rb6 36. Kf2 Kg8 37. Rd3 Kf7 38. Nb3 Be6 39. Nd2 Ke7 40. Ke3 Rb2
41. Rc3 Ra2 42. Rb3 Ra1 43. Rb7+ Bd7 44. Rb1 Ra2 1/2-1/2

[Event "NB I. Charousek csoport"]
[Site "Zalaegerszeg"]
[Date "2024.04.21"]
[Round "10.5"]
[White "Kiss, Gergely"]
[Black "Pogany, Zsombor"]
[Result "1/2-1/2"]
[WhiteElo "2176"]
[BlackElo "2210"]
[PlyCount "84"]
[EventDate "2023.10.08"]
[EventType "team-tourn"]
[EventRounds "11"]
[EventCountry "HUN"]
[Source "chess.hu"]
[WhiteTeam "Balatonfuredi SC"]
[BlackTeam "Z.Csuti-Hydrocomp SK"]
[WhiteTeamCountry "HUN"]
[BlackTeamCountry "HUN"]

1. e4 c6 2. d4 d5 3. exd5 cxd5 4. Bd3 Nc6 5. c3 Nf6 6. Bf4 Bg4 7. Nf3 e6 8. O-O
Bd6 9. Bg3 Ne4 10. Qe2 f5 11. Qe3 Bh5 12. Bxd6 Qxd6 13. Ne5 Nxe5 14. dxe5 Qc5
15. Qd4 Rc8 16. f3 Ng5 17. Nd2 Nf7 18. Nb3 Qb6 19. Rfe1 Nd8 20. Qxb6 axb6 21.
Nd4 Ke7 22. a4 Be8 23. a5 bxa5 24. Rxa5 Nc6 25. Nxc6+ Bxc6 26. Rea1 g5 27. Kf2
h5 28. Ra7 Kd7 29. Ke3 f4+ 30. Kd4 Rcg8 31. b4 Kc7 32. b5 Bd7 33. R1a6 Kb8 34.
Ra3 Kc7 35. Kc5 Rc8 36. b6+ Kd8+ 37. Kd4 Bc6 38. Ra1 Kd7 39. Ba6 Rb8 40. Be2
Rbg8 41. Ba6 Rb8 42. Be2 Rbg8 1/2-1/2

[Event "NB I. Charousek csoport"]
[Site "Zalaegerszeg"]
[Date "2024.04.21"]
[Round "10.6"]
[White "Csiszar, Zoltan"]
[Black "Bodnar, Zoltan"]
[Result "1/2-1/2"]
[WhiteElo "2248"]
[BlackElo "2107"]
[PlyCount "44"]
[EventDate "2023.10.08"]
[EventType "team-tourn"]
[EventRounds "11"]
[EventCountry "HUN"]
[Source "chess.hu"]
[WhiteTeam "Z.Csuti-Hydrocomp SK"]
[BlackTeam "Balatonfuredi SC"]
[WhiteTeamCountry "HUN"]
[BlackTeamCountry "HUN"]

1. d4 Nf6 2. c4 e6 3. Nc3 Bb4 4. Qc2 O-O 5. a3 Bxc3+ 6. Qxc3 d6 7. Bg5 Nbd7 8.
e3 b6 9. Bd3 Ba6 10. Ne2 c5 11. b4 cxd4 12. exd4 Rc8 13. Qb3 e5 14. Rc1 exd4
15. O-O h6 16. Bh4 Ne5 17. b5 Bb7 18. Nxd4 d5 19. cxd5 Rxc1 20. Rxc1 Bxd5 21.
Qd1 Bb7 22. Bf1 Ng6 1/2-1/2

[Event "NB I. Charousek csoport"]
[Site "Zalaegerszeg"]
[Date "2024.04.21"]
[Round "10.8"]
[White "Schroter, Tamas"]
[Black "Salavecz, Gergely"]
[Result "0-1"]
[WhiteElo "2223"]
[BlackElo "2007"]
[PlyCount "70"]
[EventDate "2023.10.08"]
[EventType "team-tourn"]
[EventRounds "11"]
[EventCountry "HUN"]
[Source "chess.hu"]
[WhiteTeam "Z.Csuti-Hydrocomp SK"]
[BlackTeam "Balatonfuredi SC"]
[WhiteTeamCountry "HUN"]
[BlackTeamCountry "HUN"]

1. d4 d5 2. c4 dxc4 3. Nf3 a6 4. a4 Nf6 5. Nc3 Nc6 6. e4 Bg4 7. e5 Nd5 8. Bxc4
e6 9. Be3 Bb4 10. Rc1 Nce7 11. O-O c6 12. Ne4 Nf5 13. Qb3 Bxf3 14. gxf3 a5 15.
Kh1 Qh4 16. Rg1 Ndxe3 17. fxe3 Qh6 18. Rg5 O-O 19. Rcg1 g6 20. f4 Kh8 21. Bf1
c5 22. Ng3 Nh4 23. Be2 cxd4 24. exd4 Bd2 25. Qxb7 Bxf4 26. Rg4 Nf5 27. Nf1 Ne3
28. Qf3 Nxg4 29. Rxg4 g5 30. Ng3 f5 31. exf6 Qxf6 32. Ne4 Qxd4 33. Nxg5 Rac8
34. Rh4 Rc1+ 35. Bf1 Qd5 0-1

[Event "NB I. Charousek csoport"]
[Site "Zalaegerszeg"]
[Date "2024.04.21"]
[Round "10.9"]
[White "Vargyas, Zoltan"]
[Black "Horvath, Sandor"]
[Result "0-1"]
[WhiteElo "1952"]
[BlackElo "2198"]
[PlyCount "64"]
[EventDate "2023.10.08"]
[EventType "team-tourn"]
[EventRounds "11"]
[EventCountry "HUN"]
[Source "chess.hu"]
[WhiteTeam "Balatonfuredi SC"]
[BlackTeam "Z.Csuti-Hydrocomp SK"]
[WhiteTeamCountry "HUN"]
[BlackTeamCountry "HUN"]

1. e4 c5 2. Nf3 Nc6 3. d4 cxd4 4. Nxd4 Nf6 5. Nc3 e5 6. Ndb5 d6 7. Bg5 a6 8.
Na3 Be6 9. Nc4 Rc8 10. Bxf6 gxf6 11. Ne3 Bh6 12. Ned5 f5 13. Qh5 Qg5 14. Qxg5
Bxg5 15. h4 Bd8 16. O-O-O Nd4 17. Bd3 fxe4 18. Bxe4 f5 19. Bd3 Rc5 20. Ne3 Ba5
21. Kb1 Bxc3 22. bxc3 Rxc3 23. Kb2 Rc6 24. c3 Rb6+ 25. Ka1 Nb5 26. Bxf5 Bxf5
27. Nxf5 O-O 28. Ne7+ Kf7 29. Nd5 Rc6 30. Rh3 Ke6 31. Rd2 Rc5 32. Rhd3 e4 0-1

[Event "NB I. Charousek csoport"]
[Site "Zalaegerszeg"]
[Date "2024.04.21"]
[Round "10.10"]
[White "Farkas, Zsolt"]
[Black "Bartha, Sandor"]
[Result "1/2-1/2"]
[WhiteElo "2120"]
[BlackElo "2003"]
[PlyCount "34"]
[EventDate "2023.10.08"]
[EventType "team-tourn"]
[EventRounds "11"]
[EventCountry "HUN"]
[Source "chess.hu"]
[WhiteTeam "Z.Csuti-Hydrocomp SK"]
[BlackTeam "Balatonfuredi SC"]
[WhiteTeamCountry "HUN"]
[BlackTeamCountry "HUN"]

1. e4 c5 2. Nf3 d6 3. d4 cxd4 4. Nxd4 Nf6 5. Nc3 a6 6. Bg5 e6 7. f4 Be7 8. Qf3
Qc7 9. O-O-O Nbd7 10. g4 h6 11. Bxf6 gxf6 12. Bg2 Rb8 13. Rhe1 b5 14. Nd5 exd5
15. exd5 Ne5 16. fxe5 fxe5 17. Nf5 Bxf5 1/2-1/2

[Event "NB I. Charousek csoport"]
[Site "Zalaegerszeg"]
[Date "2024.04.21"]
[Round "10.11"]
[White "Fur, Katinka"]
[Black "Majoros, Rozsa Evelin"]
[Result "1/2-1/2"]
[WhiteElo "1989"]
[BlackElo "1991"]
[PlyCount "35"]
[EventDate "2023.10.08"]
[EventType "team-tourn"]
[EventRounds "11"]
[EventCountry "HUN"]
[Source "chess.hu"]
[WhiteTeam "Balatonfuredi SC"]
[BlackTeam "Z.Csuti-Hydrocomp SK"]
[WhiteTeamCountry "HUN"]
[BlackTeamCountry "HUN"]

1. d4 Nf6 2. Nf3 g6 3. c4 Bg7 4. Nc3 O-O 5. g3 d6 6. Bg2 c6 7. O-O Qb6 8. c5
dxc5 9. Na4 Qd8 10. Nxc5 Nbd7 11. Nd3 Nb6 12. Re1 Ne4 13. Nde5 Be6 14. Nh4 f5
15. f3 Nd6 16. f4 Bd5 17. Nhf3 Ne4 18. e3 1/2-1/2

[Event "NB I. Charousek csoport"]
[Site "Zalaegerszeg"]
[Date "2024.04.21"]
[Round "10.12"]
[White "Borocz, Lorinc"]
[Black "Kun, Balint"]
[Result "1/2-1/2"]
[WhiteElo "1953"]
[BlackElo "1974"]
[PlyCount "150"]
[EventDate "2023.10.08"]
[EventType "team-tourn"]
[EventRounds "11"]
[EventCountry "HUN"]
[Source "chess.hu"]
[WhiteTeam "Z.Csuti-Hydrocomp SK"]
[BlackTeam "Balatonfuredi SC"]
[WhiteTeamCountry "HUN"]
[BlackTeamCountry "HUN"]

1. e4 e6 2. d4 d5 3. Nc3 Nf6 4. e5 Nfd7 5. f4 c5 6. Nf3 Nc6 7. Be3 cxd4 8. Nxd4
Qb6 9. Qd2 Qxb2 10. Rb1 Qa3 11. Bb5 Nxd4 12. Bxd4 Qa5 13. Rb3 Qc7 14. Qf2 Be7
15. O-O O-O 16. Bxd7 Bxd7 17. f5 f6 18. Re1 fxe5 19. Bxe5 Bd6 20. Qf4 Bxe5 21.
Rxe5 Qc5+ 22. Qe3 Qxe3+ 23. Rxe3 Rxf5 24. Rxb7 Bc8 25. Rb4 a5 26. Rd4 Ba6 27.
g4 Rf1+ 28. Kg2 Rc1 29. Rd2 Rc8 30. Kg3 d4 31. Rxd4 Rxc2 32. Ne4 Rxa2 33. Nd6
Rcc2 34. Rxe6 Rg2+ 35. Kf4 Raf2+ 36. Kg5 Be2 37. Nf5 h6+ 38. Kg6 Rxf5 39. Kxf5
Kh7 40. h3 Rf2+ 41. Rf4 Rh2 42. Re3 Bb5 43. Ke6 Kg6 44. Ke7 Rh1 45. Rf5 Rb1 46.
Kf8 Bd7 47. Rfe5 Rb7 48. Rf3 Ra7 49. Rd5 a4 50. Rd6+ Kg5 51. Rd5+ Kg6 52. Rd6+
Kg5 53. Rfd3 Bxg4 54. hxg4 Kxg4 55. Rg6+ Kf5 56. Rxg7 Ra8+ 57. Kf7 Ra7+ 58. Kg8
Ra8+ 59. Kh7 a3 60. Rf7+ Kg4 61. Rf1 a2 62. Ra1 h5 63. Rd4+ Kg3 64. Rd3+ Kg4
65. Rd4+ Kg3 66. Kg6 h4 67. Rd3+ Kg2 68. Rd2+ Kg3 69. Kg5 Ra5+ 70. Kg6 h3 71.
Rg1+ Kf3 72. Ra1 Kg3 73. Raxa2 Rxa2 74. Rxa2 h2 75. Rxh2 Kxh2 1/2-1/2

[Event "NB I. Charousek csoport"]
[Site "Biatorbagy"]
[Date "2024.04.21"]
[Round "10.1"]
[White "Horvath, Csaba"]
[Black "Fogarasi, Tibor"]
[Result "1-0"]
[WhiteElo "2493"]
[BlackElo "2299"]
[PlyCount "57"]
[EventDate "2023.10.08"]
[EventType "team-tourn"]
[EventRounds "11"]
[EventCountry "HUN"]
[Source "chess.hu"]
[WhiteTeam "Tuxera ANSK II."]
[BlackTeam "Biatorbagy II"]
[WhiteTeamCountry "HUN"]
[BlackTeamCountry "HUN"]

1. d4 Nf6 2. c4 g6 3. f3 Nc6 4. d5 Ne5 5. e4 d6 6. Nc3 Bg7 7. f4 Ned7 8. Nh3
O-O 9. Nf2 e6 10. dxe6 fxe6 11. Be2 b6 12. Be3 Bb7 13. Qc2 a6 14. O-O-O Qe8 15.
g4 Bc6 16. h4 Nc5 17. h5 Na4 18. Nxa4 Bxa4 19. b3 Bc6 20. hxg6 hxg6 21. Bd3 Qe7
22. Rh3 Rad8 23. Rg1 Be8 24. f5 exf5 25. exf5 gxf5 26. Bd4 c5 27. Bb2 Bg6 28.
gxf5 Be8 29. Ne4 1-0

[Event "NB I. Charousek csoport"]
[Site "Biatorbagy"]
[Date "2024.04.21"]
[Round "10.2"]
[White "Fodor, Istvan"]
[Black "Galyas, Miklos"]
[Result "1/2-1/2"]
[WhiteElo "2334"]
[BlackElo "2394"]
[PlyCount "38"]
[EventDate "2023.10.08"]
[EventType "team-tourn"]
[EventRounds "11"]
[EventCountry "HUN"]
[Source "chess.hu"]
[WhiteTeam "Biatorbagy II"]
[BlackTeam "Tuxera ANSK II."]
[WhiteTeamCountry "HUN"]
[BlackTeamCountry "HUN"]

1. c4 e6 2. Nc3 d5 3. d4 h6 4. Nf3 Nf6 5. Bf4 Bd6 6. Bxd6 Qxd6 7. e3 O-O 8. Rc1
Qe7 9. a3 Nbd7 10. h3 c6 11. Qc2 b6 12. cxd5 cxd5 13. Bd3 Bb7 14. O-O Rfc8 15.
Qb3 Ne4 16. Rfd1 Nxc3 17. Rxc3 Rxc3 18. Qxc3 Rc8 19. Qd2 Qd6 1/2-1/2

[Event "NB I. Charousek csoport"]
[Site "Biatorbagy"]
[Date "2024.04.21"]
[Round "10.3"]
[White "Bodo, Norbert"]
[Black "Csoke, Krisztian"]
[Result "1-0"]
[WhiteElo "2390"]
[BlackElo "2227"]
[PlyCount "71"]
[EventDate "2023.10.08"]
[EventType "team-tourn"]
[EventRounds "11"]
[EventCountry "HUN"]
[Source "chess.hu"]
[WhiteTeam "Tuxera ANSK II."]
[BlackTeam "Biatorbagy II"]
[WhiteTeamCountry "HUN"]
[BlackTeamCountry "HUN"]

1. Nf3 d5 2. d4 e6 3. c4 Bb4+ 4. Bd2 Bxd2+ 5. Qxd2 Nf6 6. Nc3 O-O 7. e3 Qe7 8.
Bd3 Nbd7 9. O-O Rd8 10. Rfd1 c6 11. Rac1 e5 12. dxe5 Nxe5 13. Nxe5 Qxe5 14.
cxd5 cxd5 15. Be2 Be6 16. Bf3 Rd7 17. Nb5 d4 18. Nxd4 Bxa2 19. Qc2 Bd5 20. Bxd5
Rxd5 21. Qc7 Qxc7 22. Rxc7 Rb8 23. Rdc1 Ne8 24. R7c3 Kf8 25. Rb3 b5 26. Ra3 Rd7
27. g3 Nd6 28. b3 b4 29. Ra5 Rbb7 30. Rd5 Ke7 31. Nc6+ Ke6 32. Rcd1 Rb6 33. Ne5
Rc7 34. Nf3 Rc3 35. Ra5 Nb5 36. Rxb5 1-0

[Event "NB I. Charousek csoport"]
[Site "Biatorbagy"]
[Date "2024.04.21"]
[Round "10.4"]
[White "Szabo, Balazs"]
[Black "Krutti, Valer"]
[Result "1/2-1/2"]
[WhiteElo "2241"]
[BlackElo "2252"]
[PlyCount "150"]
[EventDate "2023.10.08"]
[EventType "team-tourn"]
[EventRounds "11"]
[EventCountry "HUN"]
[Source "chess.hu"]
[WhiteTeam "Biatorbagy II"]
[BlackTeam "Tuxera ANSK II."]
[WhiteTeamCountry "HUN"]
[BlackTeamCountry "HUN"]

1. e4 c6 2. d4 d5 3. exd5 cxd5 4. c4 dxc4 5. Bxc4 Qc7 6. Bd3 Nf6 7. Nc3 g6 8.
Nf3 Bg7 9. O-O O-O 10. Re1 Nc6 11. d5 Nb4 12. Bg5 a6 13. Rc1 Bg4 14. Bf1 Qd8
15. Bxf6 Bxf6 16. Qb3 Bxf3 17. gxf3 Bxc3 18. bxc3 Nxd5 19. c4 Nf4 20. Qe3 Ne6
21. Rcd1 Qc7 22. Rd5 Rad8 23. Re5 b6 24. Bh3 Nd4 25. Rxe7 Qxc4 26. Re4 Qc5 27.
Bf1 b5 28. Rd1 Qg5+ 29. Kh1 Qxe3 30. Rxe3 Ne6 31. Ra1 Rd2 32. a4 Rxf2 33. axb5
axb5 34. Bxb5 Nd4 35. Rf1 Rd2 36. Rd3 Rxd3 37. Bxd3 Rb8 38. f4 Rb2 39. f5 gxf5
40. Rf4 Ne6 41. Rxf5 Kg7 42. Rf3 Rb3 43. Rg3+ Kh8 44. Bc4 Rxg3 45. hxg3 Kg7 46.
Kg2 Ng5 47. Bd3 Kf6 48. Kf2 Ke5 49. Ke3 h6 50. Bc2 Ne6 51. Bd3 Nd4 52. Bb1 f5
53. Bd3 Nb3 54. Bc2 Nc5 55. Kf3 Ne4 56. Ba4 Kf6 57. Kf4 Nc3 58. Bd7 Nd5+ 59.
Kf3 Kg5 60. Be6 Ne7 61. Bb3 Nc6 62. Bd1 Ne5+ 63. Ke3 Nc4+ 64. Kf3 Nd2+ 65. Ke3
Ne4 66. Kf3 Nc3 67. Bc2 h5 68. Bb3 Ne4 69. Bd1 Nd2+ 70. Ke3 Nc4+ 71. Kf3 Nb2
72. Be2 Na4 73. Bd1 Nc3 74. Bb3 Ne4 75. Bd1 Nxg3 1/2-1/2

[Event "NB I. Charousek csoport"]
[Site "Biatorbagy"]
[Date "2024.04.21"]
[Round "10.5"]
[White "Demeter, Dorina"]
[Black "Toth-Goczo, Melinda"]
[Result "1/2-1/2"]
[WhiteElo "2283"]
[BlackElo "2185"]
[PlyCount "63"]
[EventDate "2023.10.08"]
[EventType "team-tourn"]
[EventRounds "11"]
[EventCountry "HUN"]
[Source "chess.hu"]
[WhiteTeam "Tuxera ANSK II."]
[BlackTeam "Biatorbagy II"]
[WhiteTeamCountry "HUN"]
[BlackTeamCountry "HUN"]

1. Nf3 g6 2. e4 c6 3. d4 Bg7 4. h3 d6 5. Bd3 Nd7 6. O-O e5 7. c3 Ne7 8. Be3 O-O
9. Qd2 d5 10. exd5 Nxd5 11. Bg5 Qc7 12. c4 Nf4 13. Bxf4 exf4 14. Nc3 Nf6 15.
Rfe1 Be6 16. Ne5 Nd7 17. Qxf4 Nxe5 18. dxe5 f6 19. Qg3 fxe5 20. Ne4 Rae8 21. c5
Qe7 22. Ng5 Bf5 23. Bc4+ Kh8 24. Rad1 e4 25. Qe3 h6 26. Nf3 Bxh3 27. gxh3 Rxf3
28. Qxf3 exf3 29. Rxe7 Rxe7 30. Rd8+ Kh7 31. Bg8+ Kh8 32. Bc4+ 1/2-1/2

[Event "NB I. Charousek csoport"]
[Site "Biatorbagy"]
[Date "2024.04.21"]
[Round "10.6"]
[White "Szakmary, Domonkos"]
[Black "Orso, Miklos"]
[Result "1/2-1/2"]
[WhiteElo "2033"]
[BlackElo "2160"]
[PlyCount "61"]
[EventDate "2023.10.08"]
[EventType "team-tourn"]
[EventRounds "11"]
[EventCountry "HUN"]
[Source "chess.hu"]
[WhiteTeam "Biatorbagy II"]
[BlackTeam "Tuxera ANSK II."]
[WhiteTeamCountry "HUN"]
[BlackTeamCountry "HUN"]

1. e4 c5 2. Nf3 Nc6 3. d4 cxd4 4. Nxd4 e5 5. Nb5 d6 6. Be3 Nf6 7. Bg5 a6 8.
N5c3 Be7 9. Bxf6 Bxf6 10. Nd2 O-O 11. Nc4 Nd4 12. Ne3 Bg5 13. Ncd5 Be6 14. c3
Nc6 15. Bd3 Ne7 16. Bc2 g6 17. Nxe7+ Bxe7 18. Bb3 Bg5 19. Qd3 Bxb3 20. axb3 Qb6
21. b4 Bxe3 22. Qxe3 Qxe3+ 23. fxe3 Rac8 24. Rd1 Rfd8 25. Ke2 Kf8 26. Rd5 h5
27. Kd3 Ke7 28. Rf1 Rc6 29. c4 Rdc8 30. b3 Ke6 31. Rf2 1/2-1/2